<?xml version="1.0" encoding="UTF-8"?>
<record
    xmlns:xsi="http://www.w3.org/2001/XMLSchema-instance"
    xsi:schemaLocation="http://www.loc.gov/MARC21/slim http://www.loc.gov/standards/marcxml/schema/MARC21slim.xsd"
    xmlns="http://www.loc.gov/MARC21/slim">

  <leader>00363nam a22001217a 4500</leader>
  <datafield tag="082" ind1=" " ind2=" ">
    <subfield code="a">909.097671</subfield>
    <subfield code="b">MEM</subfield>
  </datafield>
  <datafield tag="100" ind1=" " ind2=" ">
    <subfield code="a">Memon, Ali Nawaz</subfield>
  </datafield>
  <datafield tag="245" ind1=" " ind2=" ">
    <subfield code="a">The Islamic Nation:</subfield>
    <subfield code="b">status &amp; future of Muslims in the New World Order /</subfield>
    <subfield code="c">Ali Nawaz Memon</subfield>
  </datafield>
  <datafield tag="260" ind1=" " ind2=" ">
    <subfield code="a">Lahore :</subfield>
    <subfield code="b">Vanguard Books Pvt Limited,</subfield>
    <subfield code="c">1996.</subfield>
  </datafield>
  <datafield tag="300" ind1=" " ind2=" ">
    <subfield code="a">261 p.</subfield>
  </datafield>
  <datafield tag="563" ind1=" " ind2=" ">
    <subfield code="a">HB.</subfield>
  </datafield>
  <datafield tag="942" ind1=" " ind2=" ">
    <subfield code="2">ddc</subfield>
    <subfield code="c">BK</subfield>
  </datafield>
  <datafield tag="999" ind1=" " ind2=" ">
    <subfield code="c">613671</subfield>
    <subfield code="d">613671</subfield>
  </datafield>
  <datafield tag="952" ind1=" " ind2=" ">
    <subfield code="0">0</subfield>
    <subfield code="1">0</subfield>
    <subfield code="2">ddc</subfield>
    <subfield code="4">0</subfield>
    <subfield code="6">909_097671000000000_MEM</subfield>
    <subfield code="7">0</subfield>
    <subfield code="9">639607</subfield>
    <subfield code="a">NLS</subfield>
    <subfield code="b">NLS</subfield>
    <subfield code="d">2025-05-05</subfield>
    <subfield code="e">Donated by Vanguard Books Pvt Limited</subfield>
    <subfield code="o">909.097671 MEM</subfield>
    <subfield code="p">NLSD-19</subfield>
    <subfield code="r">2025-05-05</subfield>
    <subfield code="w">2025-05-05</subfield>
    <subfield code="y">BK</subfield>
  </datafield>
</record>
